[Event "Internet Section 14-A"]
[Site "Dos Hermanas"]
[Date "2003.03.14"]
[Round "2"]
[White "Pap, Misa"]
[Black "Noritsyn, Nikolay"]
[Result "1-0"]
[WhiteElo "2407"]
[BlackElo "2168"]
[PlyCount "63"]
[GameId "1166645204393984"]
[EventDate "2003.03.14"]
[EventType "swiss (blitz)"]
[EventRounds "9"]
[EventCountry "ESP"]
[SourceTitle "EXT 2004"]
[Source "ChessBase"]
[SourceDate "2003.11.25"]
[SourceVersion "1"]
[SourceVersionDate "2003.11.25"]
[SourceQuality "1"]

1. e4 c5 2. Nf3 Nc6 3. c3 Nf6 4. e5 Nd5 5. d4 cxd4 6. Bc4 Nb6 7. Bb3 d5 8. exd6 Qxd6 9. O-O e6 10. Na3 Be7 11. Nb5 Qd8 12. Nfxd4 Nxd4 13. Nxd4 O-O 14. Qf3 Qc7 15. Re1 Bd7 16. h3 Bf6 17. Bf4 e5 18. Bg3 Rfe8 19. Rad1 Qc8 20. Nc2 Bc6 21. Qg4 Bd7 22. Qh5 g6 23. Qf3 Kg7 24. Rd6 Be6 25. Rxe5 Nc4 26. Bxc4 Qxc4 27. Nd4 Bxe5 28. Bxe5+ Kf8 29. Qf4 Qc8 30. Bf6 Re7 31. Qh6+ Ke8 32. Qg7 1-0

[Event "Internet Section 14-A"]
[Site "Dos Hermanas"]
[Date "2003.03.14"]
[Round "3"]
[White "Noritsyn, Nikolay"]
[Black "Terasti, Pasi"]
[Result "0-1"]
[WhiteElo "2168"]
[BlackElo "2162"]
[PlyCount "64"]
[GameId "1166645204930560"]
[EventDate "2003.03.14"]
[EventType "swiss (blitz)"]
[EventRounds "9"]
[EventCountry "ESP"]
[SourceTitle "EXT 2004"]
[Source "ChessBase"]
[SourceDate "2003.11.25"]
[SourceVersion "1"]
[SourceVersionDate "2003.11.25"]
[SourceQuality "1"]

1. e4 d5 2. exd5 Nf6 3. d4 Bg4 4. Be2 Bxe2 5. Nxe2 Qxd5 6. O-O Nc6 7. Be3 O-O-O 8. Nd2 e6 9. c4 Qh5 10. Nf3 Bd6 11. a3 Ng4 12. h3 Nxe3 13. fxe3 e5 14. c5 Bxc5 15. Rc1 Bb6 16. Qa4 e4 17. Nf4 Qa5 18. Qxa5 Bxa5 19. b4 exf3 20. bxa5 fxg2 21. Nxg2 Nxa5 22. Rxf7 Rd7 23. Rf5 Nc6 24. Nf4 Re8 25. Kf2 g6 26. Rfc5 Rf8 27. Ke2 Nxd4+ 28. Ke1 Re8 29. Nd5 c6 30. Nf6 Rxe3+ 31. Kd2 Rde7 32. Nd5 Nb3+ 0-1

[Event "Internet Section 15-A"]
[Site "Dos Hermanas"]
[Date "2003.03.15"]
[Round "3"]
[White "Noritsyn, Nikolay"]
[Black "Apicella, Manuel"]
[Result "0-1"]
[WhiteElo "2168"]
[BlackElo "2501"]
[PlyCount "66"]
[GameId "1166645212151808"]
[EventDate "2003.03.15"]
[EventType "swiss (blitz)"]
[EventRounds "9"]
[EventCountry "ESP"]
[SourceTitle "EXT 2004"]
[Source "ChessBase"]
[SourceDate "2003.11.25"]
[SourceVersion "1"]
[SourceVersionDate "2003.11.25"]
[SourceQuality "1"]

1. e4 e6 2. d4 d5 3. Nc3 Bb4 4. e5 Ne7 5. a3 Bxc3+ 6. bxc3 c5 7. Nf3 Bd7 8. Bd3 c4 9. Be2 Ba4 10. O-O Nd7 11. Ng5 h6 12. Nh3 Qa5 13. Bd2 O-O-O 14. f4 f5 15. g4 fxg4 16. Bxg4 Nf5 17. Bxf5 exf5 18. Rc1 Nf8 19. Qh5 g6 20. Qh4 Ne6 21. Kh1 g5 22. Qh5 Be8 23. Qe2 g4 24. Nf2 h5 25. Nd1 h4 26. Ne3 Bg6 27. Ra1 Rdf8 28. Qg2 Be8 29. Kg1 Bc6 30. Kh1 Nc5 31. Nxd5 Qd8 32. Ne7+ Qxe7 33. d5 h3 0-1

[Event "Dos Hermanas Internet qual-D 10th"]
[Site "ICC INT"]
[Date "2009.03.14"]
[Round "2"]
[White "Noritsyn, Nikolay"]
[Black "Rozenvasser, Anthony"]
[Result "1-0"]
[WhiteElo "2381"]
[BlackElo "2116"]
[PlyCount "69"]
[GameId "1166651601326080"]
[EventDate "2009.03.14"]
[EventType "swiss (blitz)"]
[EventRounds "12"]
[EventCountry "ESP"]
[SourceTitle "EXT 2010"]
[Source "ChessBase"]
[SourceDate "2009.11.30"]
[SourceVersion "1"]
[SourceVersionDate "2009.11.30"]
[SourceQuality "1"]

1. e4 e6 2. d4 d5 3. Nc3 Bc5 4. dxc5 d4 5. Nce2 e5 6. Ng3 f6 7. c3 Nc6 8. cxd4 exd4 9. f4 Qe7 10. Nf3 Qxc5 11. Bd3 Qb4+ 12. Qd2 Qe7 13. O-O Nh6 14. Bc4 Qc5 15. b3 Bg4 16. a4 Bxf3 17. Rxf3 a6 18. Ba3 Qb6 19. Kh1 O-O-O 20. h3 g5 21. Bd5 g4 22. hxg4 Nxg4 23. Be6+ Kb8 24. Bxg4 Rhg8 25. Bh3 Rg6 26. Nf5 Rdg8 27. a5 Qb5 28. Bb2 Nxa5 29. Nxd4 Nxb3 30. Rxb3 Qh5 31. Qb4 b6 32. Rxa6 Rxg2 33. Rxb6+ cxb6 34. Qxb6+ Ka8 35. Qb7# 1-0

[Event "Dos Hermanas Internet qual-D 10th"]
[Site "ICC INT"]
[Date "2009.03.14"]
[Round "4"]
[White "Noritsyn, Nikolay"]
[Black "Kacheishvili, Giorgi"]
[Result "1-0"]
[WhiteElo "2381"]
[BlackElo "2590"]
[PlyCount "65"]
[GameId "1166651602374656"]
[EventDate "2009.03.14"]
[EventType "swiss (blitz)"]
[EventRounds "12"]
[EventCountry "ESP"]
[SourceTitle "EXT 2010"]
[Source "ChessBase"]
[SourceDate "2009.11.30"]
[SourceVersion "1"]
[SourceVersionDate "2009.11.30"]
[SourceQuality "1"]

1. e4 c6 2. d4 d5 3. e5 Bf5 4. Ne2 e6 5. Ng3 Bg6 6. h4 h6 7. h5 Bh7 8. Bd3 c5 9. Bxh7 Rxh7 10. c3 Nc6 11. O-O Qb6 12. Ne2 Nge7 13. Qd3 Rh8 14. a3 O-O-O 15. b4 cxd4 16. cxd4 Kb8 17. Be3 Nf5 18. Nbc3 f6 19. Na4 Qc7 20. Rfc1 Qd7 21. b5 Na5 22. Bf4 fxe5 23. Bxe5+ Bd6 24. Nc5 Qe7 25. Nf4 Bxe5 26. dxe5 Nc4 27. Ncxe6 Nxe5 28. Qxf5 Rde8 29. Qxe5+ Ka8 30. Nc7+ Qxc7 31. Qxc7 Rhf8 32. Nxd5 Rf5 33. Qc8+ 1-0

[Event "Dos Hermanas Internet qual-D 10th"]
[Site "ICC INT"]
[Date "2009.03.14"]
[Round "5"]
[White "Bachmann, Axel"]
[Black "Noritsyn, Nikolay"]
[Result "1-0"]
[WhiteElo "2562"]
[BlackElo "2381"]
[PlyCount "85"]
[GameId "1166651602571264"]
[EventDate "2009.03.14"]
[EventType "swiss (blitz)"]
[EventRounds "12"]
[EventCountry "ESP"]
[SourceTitle "EXT 2010"]
[Source "ChessBase"]
[SourceDate "2009.11.30"]
[SourceVersion "1"]
[SourceVersionDate "2009.11.30"]
[SourceQuality "1"]

1. e4 c5 2. Nc3 Nc6 3. Bb5 Nd4 4. Bc4 d6 5. Nge2 Nf6 6. d3 Nxe2 7. Qxe2 e6 8. O-O Be7 9. f4 O-O 10. Bb3 d5 11. exd5 exd5 12. Nxd5 Nxd5 13. Bxd5 Qxd5 14. Qxe7 Bd7 15. Qe5 Qc6 16. b3 Rae8 17. Qh5 g6 18. Qd1 h5 19. h3 Qf6 20. Rb1 Bc6 21. Bb2 Qf5 22. Qd2 Re6 23. Rbe1 Rfe8 24. Re5 Rxe5 25. fxe5 Qe6 26. Rf6 Qd5 27. Qf2 b6 28. Qg3 Re6 29. c4 Qd7 30. Qe3 Rxf6 31. exf6 Qe6 32. Qxe6 fxe6 33. Be5 Kf7 34. Bb8 a6 35. Ba7 b5 36. Bxc5 bxc4 37. dxc4 Be4 38. Bd4 Bc2 39. c5 Bb1 40. c6 Be4 41. c7 Bb7 42. Be5 Bc8 43. Kf2 1-0

[Event "Dos Hermanas Internet qual-D 10th"]
[Site "ICC INT"]
[Date "2009.03.14"]
[Round "7"]
[White "Nureev, Garun"]
[Black "Noritsyn, Nikolay"]
[Result "1-0"]
[WhiteElo "2340"]
[BlackElo "2381"]
[PlyCount "117"]
[GameId "1166651603853312"]
[EventDate "2009.03.14"]
[EventType "swiss (blitz)"]
[EventRounds "12"]
[EventCountry "ESP"]
[SourceTitle "EXT 2010"]
[Source "ChessBase"]
[SourceDate "2009.11.30"]
[SourceVersion "1"]
[SourceVersionDate "2009.11.30"]
[SourceQuality "1"]

1. d4 Nf6 2. Bf4 c5 3. e3 cxd4 4. exd4 g6 5. c3 d5 6. Nd2 Nc6 7. Ngf3 Bg7 8. Bd3 O-O 9. h3 a6 10. a4 Ne8 11. O-O Nd6 12. Qb3 e6 13. Qa3 Nf5 14. a5 Re8 15. Rfe1 Bd7 16. Nb3 Bf8 17. Nc5 Bc8 18. b4 Nd6 19. Qc1 b6 20. axb6 Qxb6 21. Bh6 Be7 22. Qf4 a5 23. Bg5 Bf8 24. Bf6 Qb8 25. b5 Nxb5 26. Qh4 Nxc3 27. Ng5 h6 28. Nf3 Ne4 29. Nxe4 dxe4 30. Bxe4 Ra6 31. Rab1 Qa7 32. Qg3 Ne7 33. h4 Bd7 34. h5 Nf5 35. Bxf5 exf5 36. Rxe8 Bxe8 37. Be5 Re6 38. Rb8 Qe7 39. hxg6 fxg6 40. Nh4 Qf7 41. Rc8 Kh7 42. Rc7 Re7 43. Rxe7 Bxe7 44. Nf3 g5 45. Qh2 f4 46. Ne1 Qg6 47. g4 Bf7 48. Qg2 Qb1 49. Kh2 Bg6 50. Qc6 Qb4 51. Qd7 Qd6 52. Qxd6 Kg8 53. Qd7 Bf7 54. Qb7 a4 55. Qa8+ Bf8 56. Bd6 a3 57. Qxf8+ Kh7 58. Qxf7+ Kh8 59. Be5# 1-0

[Event "Dos Hermanas Internet qual-D 10th"]
[Site "ICC INT"]
[Date "2009.03.14"]
[Round "9"]
[White "Noritsyn, Nikolay"]
[Black "Aveskulov, Valeriy"]
[Result "0-1"]
[WhiteElo "2381"]
[BlackElo "2526"]
[PlyCount "142"]
[GameId "1166651604746240"]
[EventDate "2009.03.14"]
[EventType "swiss (blitz)"]
[EventRounds "12"]
[EventCountry "ESP"]
[SourceTitle "EXT 2010"]
[Source "ChessBase"]
[SourceDate "2009.11.30"]
[SourceVersion "1"]
[SourceVersionDate "2009.11.30"]
[SourceQuality "1"]

1. c4 c5 2. Nc3 Nc6 3. g3 g6 4. Bg2 Bg7 5. a3 a5 6. Rb1 d6 7. d3 e5 8. Nf3 Nge7 9. Nd2 Be6 10. Nf1 d5 11. cxd5 Nxd5 12. Ne3 Nde7 13. Ne4 b6 14. Bd2 O-O 15. b4 cxb4 16. axb4 a4 17. Ng5 Bb3 18. Qc1 Rc8 19. Qa3 Nd4 20. Nf3 Nef5 21. Nxd4 Nxd4 22. h4 Bh6 23. Kf1 Qe7 24. h5 Bxe3 25. Bxe3 Nc2 26. Qc1 Nxb4 27. Qe1 Nc2 28. Qd2 b5 29. Bf3 Qb4 30. hxg6 hxg6 31. Bh6 Qxd2 32. Bxd2 Nd4 33. Be4 Ba2 34. Ra1 Be6 35. Bb4 Rfd8 36. Kg2 f5 37. Bf3 Nc2 38. Rab1 Rd4 39. Bd2 e4 40. dxe4 fxe4 41. Be3 exf3+ 42. exf3 Nxe3+ 43. fxe3 Rc2+ 44. Kg1 Rdd2 45. g4 Rg2+ 46. Kf1 Bc4+ 47. Ke1 Rce2+ 48. Kd1 Rd2+ 49. Kc1 Rc2+ 50. Kd1 Rgd2+ 51. Ke1 Re2+ 52. Kd1 Rcd2+ 53. Kc1 Ra2 54. Kd1 Rg2 55. g5 Bb3+ 56. Ke1 Rae2+ 57. Kf1 Ref2+ 58. Ke1 Rxf3 59. e4 Re3+ 60. Kf1 Rg4 61. Rh3 Rf4+ 62. Kg1 Rxh3 63. Kg2 Rhh4 64. Rb2 Rhg4+ 65. Kh1 Rh4+ 66. Rh2 Rhg4 67. Rg2 Rf1+ 68. Kh2 Rxg2+ 69. Kxg2 Rf4 70. Kg3 Rxe4 71. Kf3 Re5 0-1

[Event "Dos Hermanas Internet qual-E 10th"]
[Site "ICC INT"]
[Date "2009.03.15"]
[Round "1"]
[White "Kaberi, Javad"]
[Black "Noritsyn, Nikolay"]
[Result "0-1"]
[WhiteElo "2148"]
[BlackElo "2381"]
[PlyCount "88"]
[GameId "1166651613859840"]
[EventDate "2009.03.15"]
[EventType "swiss (blitz)"]
[EventRounds "12"]
[EventCountry "ESP"]
[SourceTitle "CBM 129 Extra"]
[Source "ChessBase"]
[SourceDate "2009.05.05"]
[SourceVersion "2"]
[SourceVersionDate "2009.05.20"]
[SourceQuality "1"]

1. e4 c5 2. d4 cxd4 3. c3 d3 4. Bxd3 Nc6 5. Nf3 g6 6. O-O Bg7 7. Bf4 d6 8. Nbd2 Nf6 9. Qe2 O-O 10. Rad1 a6 11. e5 Nh5 12. Bg5 Nxe5 13. g4 Bxg4 14. Be4 d5 15. Nb3 dxe4 16. Rxd8 Rfxd8 17. Qxe4 Bxf3 18. Qb4 Bc6 19. Qxe7 Nf3+ 20. Kg2 Nxg5+ 21. f3 Nf4+ 22. Kg3 Nge6 23. Re1 Bf8 24. Qh4 Bd6 25. Kf2 Nd3+ 26. Ke2 Nef4+ 27. Kd2 Nxb2 28. Kc2 Nc4 29. Nd4 Ba4+ 30. Nb3 Ng2 31. Qf2 Nxe1+ 32. Qxe1 Re8 33. Qf1 b5 34. Qh3 Ne3+ 35. Kd3 Rac8 36. Nd4 Bc5 37. Qg3 Bxd4 38. cxd4 Nf5 39. Qg5 Re3+ 40. Kd2 Rc2+ 41. Kd1 Ree2 42. Qd8+ Kg7 43. Qb8 Rxa2+ 44. Kc1 Re1# 0-1

[Event "Dos Hermanas Internet qual-E 10th"]
[Site "ICC INT"]
[Date "2009.03.15"]
[Round "3"]
[White "Demaria, Juan Pablo"]
[Black "Noritsyn, Nikolay"]
[Result "0-1"]
[WhiteElo "2288"]
[BlackElo "2381"]
[PlyCount "60"]
[GameId "1166651615260672"]
[EventDate "2009.03.15"]
[EventType "swiss (blitz)"]
[EventRounds "12"]
[EventCountry "ESP"]
[SourceTitle "CBM 129 Extra"]
[Source "ChessBase"]
[SourceDate "2009.05.05"]
[SourceVersion "2"]
[SourceVersionDate "2009.05.20"]
[SourceQuality "1"]

1. e4 c5 2. Nf3 Nc6 3. d4 cxd4 4. Nxd4 g6 5. Be3 Bg7 6. c4 Qb6 7. Nb3 Qc7 8. Nc3 Bxc3+ 9. bxc3 Nf6 10. f3 d6 11. c5 d5 12. exd5 Qe5 13. Kf2 Nxd5 14. Bd4 Nxc3 15. Bxe5 Nxd1+ 16. Rxd1 Nxe5 17. Bb5+ Bd7 18. Rxd7 Nxd7 19. Rd1 O-O-O 20. c6 bxc6 21. Bxc6 Ne5 22. Bd5 e6 23. Rc1+ Kd7 24. Be4 Rc8 25. Rd1+ Ke7 26. f4 Ng4+ 27. Kg3 h5 28. Bf3 Rc3 29. h3 Ne3 30. Rd4 Nf5+ 0-1

[Event "Dos Hermanas Internet qual-E 10th"]
[Site "ICC INT"]
[Date "2009.03.15"]
[Round "4"]
[White "Noritsyn, Nikolay"]
[Black "Vasquez Schroder, Rodrigo Rafael"]
[Result "0-1"]
[WhiteElo "2381"]
[BlackElo "2507"]
[PlyCount "114"]
[GameId "1166651616448512"]
[EventDate "2009.03.15"]
[EventType "swiss (blitz)"]
[EventRounds "12"]
[EventCountry "ESP"]
[SourceTitle "CBM 129 Extra"]
[Source "ChessBase"]
[SourceDate "2009.05.05"]
[SourceVersion "2"]
[SourceVersionDate "2009.05.20"]
[SourceQuality "1"]

1. c4 c6 2. d4 d5 3. Nf3 Nf6 4. e3 Bg4 5. h3 Bxf3 6. Qxf3 e6 7. Bd3 Bb4+ 8. Nc3 O-O 9. O-O Nbd7 10. a3 dxc4 11. Bxc4 Bd6 12. Rd1 Qe7 13. Ne2 e5 14. Ng3 e4 15. Qe2 g6 16. Bd2 Nb6 17. Ba2 Kg7 18. Rac1 Rae8 19. Be1 Qd7 20. Bb1 Nbd5 21. b4 a6 22. Qb2 h5 23. Nf1 Qe7 24. Ba2 h4 25. Rb1 Rh8 26. a4 b5 27. Rdc1 Rc8 28. Rc5 Bxc5 29. dxc5 Kg8 30. Nh2 Rh5 31. axb5 axb5 32. Bb3 Ra8 33. Qc2 Rg5 34. Kf1 Qe5 35. Kg1 Rd8 36. Rd1 Qe7 37. Kh1 Rh5 38. Qe2 Rd7 39. Ra1 Ra7 40. Rd1 Qe5 41. Qc2 Ra1 42. Bxd5 Nxd5 43. Ng4 Qg7 44. Bd2 f5 45. Nh2 Rh8 46. f3 Rxd1+ 47. Qxd1 Qe5 48. fxe4 Qxe4 49. Nf3 Qd3 50. Qc1 Rh7 51. Be1 Ra7 52. Kh2 Ra2 53. Bxh4 Nxe3 54. Ne1 Qe4 55. Bf2 Rxf2 56. Kg1 Rxg2+ 57. Kh1 Rg3+ 0-1

[Event "Dos Hermanas Internet qual-E 10th"]
[Site "ICC INT"]
[Date "2009.03.15"]
[Round "5"]
[White "Ertan, Can"]
[Black "Noritsyn, Nikolay"]
[Result "1-0"]
[WhiteElo "2168"]
[BlackElo "2381"]
[PlyCount "74"]
[GameId "1166651616927744"]
[EventDate "2009.03.15"]
[EventType "swiss (blitz)"]
[EventRounds "12"]
[EventCountry "ESP"]
[SourceTitle "CBM 129 Extra"]
[Source "ChessBase"]
[SourceDate "2009.05.05"]
[SourceVersion "2"]
[SourceVersionDate "2009.05.20"]
[SourceQuality "1"]

1. e4 c5 2. Nf3 Nc6 3. d4 cxd4 4. Nxd4 g6 5. Nc3 Bg7 6. Nxc6 bxc6 7. Bd3 Nf6 8. O-O O-O 9. e5 Nd5 10. Nxd5 cxd5 11. Qe2 d6 12. Bf4 dxe5 13. Bxe5 f6 14. Bg3 e5 15. c4 d4 16. f4 exf4 17. Bxf4 Bb7 18. c5 Re8 19. Qc2 Bc6 20. Rfe1 Qd7 21. b4 Kh8 22. Bg3 f5 23. Rxe8+ Rxe8 24. Re1 Re3 25. Bf2 Rxe1+ 26. Bxe1 Bh6 27. Bf2 Qd5 28. Bf1 a6 29. Qc4 Be3 30. Bxe3 dxe3 31. Qxd5 Bxd5 32. Bxa6 Kg7 33. b5 e2 34. Kf2 Kf6 35. b6 Ke5 36. b7 Bxb7 37. Bxb7 f4 1-0

[Event "Olympiad-40"]
[Site "Istanbul"]
[Date "2012.09.05"]
[Round "8.3"]
[White "Abdul Rahman, Ali"]
[Black "Noritsyn, Nikolay"]
[Result "0-1"]
[WhiteElo "1912"]
[BlackElo "2472"]
[PlyCount "126"]
[GameId "1166655987855360"]
[EventDate "2012.08.28"]
[EventType "team-swiss"]
[EventRounds "11"]
[EventCountry "TUR"]
[SourceTitle "CBM 151"]
[Source "ChessBase"]
[SourceDate "2012.11.13"]
[SourceVersion "1"]
[SourceVersionDate "2012.11.13"]
[SourceQuality "1"]
[WhiteTeam "Maldives"]
[BlackTeam "Canada"]
[WhiteTeamCountry "MDV"]
[BlackTeamCountry "CAN"]

1. d4 c5 2. c3 e6 3. e3 d5 4. f4 Nc6 5. Nf3 Bd6 6. Bd3 Nge7 7. O-O Qc7 8. Ne5 Nf5 9. a3 f6 10. Nxc6 bxc6 11. Qe2 O-O 12. Nd2 cxd4 13. Bxf5 exf5 14. cxd4 Re8 15. Qd3 a5 16. Rf3 g6 17. Nb3 a4 18. Nc5 Bxc5 19. dxc5 Ba6 20. Qc3 Kf7 21. Bd2 Rab8 22. Rh3 h5 23. Qc2 Be2 24. Rg3 Bg4 25. h4 Re4 26. Bc3 Rc4 27. Qd2 Rb5 28. Qd3 Rbxc5 29. Re1 Re4 30. Kf2 Rcc4 31. Rb1 Qb6 32. Kf1 Qb3 33. Kg1 Rc5 34. Re1 d4 35. Qa6 dxc3 36. Qa7+ Re7 37. Qxc5 cxb2 38. Rb1 Rd7 39. Kh2 Rd1 40. e4 Qb8 41. Rxd1 Bxd1 42. Rd3 b1=Q 43. Rd7+ Kg8 44. e5 Qe4 45. Rd4 Qxd4 46. Qxd4 Bb3 47. exf6 Qc7 48. Qe3 Kf7 49. Kg3 c5 50. Qf3 Kxf6 51. Qc3+ Ke6 52. Qe3+ Kf7 53. Qc3 Kg8 54. Qf6 Kh7 55. Qc3 Bf7 56. Kf3 c4 57. g3 Qc6+ 58. Kf2 Qb6+ 59. Ke2 Qb3 60. Kd2 Qxc3+ 61. Kxc3 Kg7 62. Kb4 Kf6 63. Kc3 Ke7 0-1

[Event "PRO League Stage"]
[Site "Chess.com INT"]
[Date "2019.02.07"]
[Round "5"]
[White "Shimanov, Aleksandr"]
[Black "Noritsyn, Nikolay"]
[Result "1/2-1/2"]
[WhiteElo "2610"]
[BlackElo "2484"]
[PlyCount "145"]
[GameId "1360521625923584"]
[EventDate "2019.01.08"]
[EventType "team-swiss (rapid)"]
[EventRounds "10"]
[EventCountry "USA"]
[SourceTitle "CBM 189 Extra"]
[Source "ChessBase"]
[SourceDate "2019.05.31"]
[SourceVersion "1"]
[SourceVersionDate "2019.05.31"]
[SourceQuality "1"]
[WhiteTeam "Webster Windmills"]
[BlackTeam "Montreal Chessbrahs"]
[WhiteTeamCountry "USA"]
[BlackTeamCountry "CAN"]

1. Nf3 e6 2. g3 d5 3. Bg2 Nf6 4. O-O b5 5. d3 Bb7 6. c4 bxc4 7. dxc4 c6 8. b3 Be7 9. Bb2 O-O 10. Nc3 Nbd7 11. Rc1 Rc8 12. e3 Ba6 13. Ne2 Qa5 14. Qc2 h6 15. Rfd1 Rfd8 16. Nd2 Ba3 17. Nf4 Bxb2 18. Qxb2 Qb6 19. Nd3 c5 20. Qc2 Qa5 21. cxd5 exd5 22. Nf4 Ne5 23. Qf5 Nc6 24. Nxd5 Rxd5 25. Bxd5 Ne7 26. Bxf7+ Kxf7 27. Qc2 Qb4 28. Nc4 Bxc4 29. Qxc4+ Qxc4 30. Rxc4 Ned5 31. Rdc1 Nd7 32. Kg2 g5 33. Rd1 N5b6 34. Rc2 Ke6 35. Rcd2 Rc6 36. g4 c4 37. bxc4 Ne5 38. h3 Nbxc4 39. Rd8 Nd6 40. Rd4 Nef7 41. Ra8 Ra6 42. a4 Ne5 43. Rd8 Nef7 44. Rg8 Rb6 45. f4 Rb2+ 46. Kf3 Rb3 47. Rg6+ Ke7 48. a5 gxf4 49. Kxf4 Ra3 50. h4 Rxa5 51. e4 Ra1 52. e5 Rf1+ 53. Kg3 Ne8 54. Ra6 Kf8 55. Rf4 Rxf4 56. Kxf4 Ng7 57. Rxa7 Nd8 58. h5 Nde6+ 59. Ke4 Ng5+ 60. Kd5 N7e6 61. Kd6 Nf4 62. Ra1 Nf7+ 63. Kc5 Nd3+ 64. Kd4 Ndxe5 65. Ke4 Nxg4 66. Kf5 Nge5 67. Ra8+ Kg7 68. Ra7 Nf3 69. Kg4 N3g5 70. Kf5 Nf3 71. Kg4 N3e5+ 72. Kf5 Nf3 73. Kg4 1/2-1/2

[Event "Titled Tuesday intern op 28th Apr"]
[Site "Chess.com INT"]
[Date "2020.04.28"]
[Round "5"]
[White "Leenhouts, Koen"]
[Black "Noritsyn, Nikolay"]
[Result "1-0"]
[WhiteElo "2414"]
[BlackElo "2512"]
[PlyCount "91"]
[GameId "1515683264290816"]
[EventDate "2020.04.28"]
[EventType "swiss (blitz)"]
[EventRounds "10"]
[EventCountry "USA"]
[SourceTitle "EXT 2021"]
[Source "ChessBase"]
[SourceDate "2020.10.23"]
[SourceVersion "1"]
[SourceVersionDate "2020.10.23"]
[SourceQuality "1"]

1. d4 e6 2. c4 Bb4+ 3. Bd2 a5 4. e4 d5 5. e5 c5 6. Nf3 Nc6 7. cxd5 exd5 8. Bb5 Nge7 9. O-O O-O 10. Bg5 cxd4 11. a3 Bc5 12. Nbd2 Qb6 13. Bd3 Ng6 14. Re1 h6 15. Bh4 Re8 16. Bg3 Bg4 17. h3 Bh5 18. Qc2 Rac8 19. e6 Nge7 20. Rac1 Nd8 21. exf7+ Nxf7 22. Qb1 Nc6 23. Bh7+ Kh8 24. Bg6 Bxg6 25. Qxg6 Kg8 26. Nh4 Ne7 27. Qxb6 Bxb6 28. Rxc8 Rxc8 29. Rxe7 Rc2 30. Nhf3 Rxb2 31. Rxb7 d3 32. Kh2 a4 33. h4 Bd4 34. Rxb2 Bxb2 35. Ne1 Bc3 36. Bf4 g5 37. hxg5 hxg5 38. Nxd3 gxf4 39. Nb1 Bd4 40. Nxf4 Be5 41. Kg3 Ng5 42. Kg4 Ne4 43. f3 Nf2+ 44. Kf5 Bxf4 45. Kxf4 Kf7 46. Ke5 1-0

[Event "Maplewood inv."]
[Site "Waterloo, QC CAN"]
[Date "2024.07.20"]
[Round "1.4"]
[White "Noritsyn, Nikolay"]
[Black "Van Foreest, Jorden"]
[Result "0-1"]
[WhiteElo "2450"]
[BlackElo "2671"]
[PlyCount "126"]
[GameId "2160767905866959"]
[EventDate "2024.07.20"]
[EventType "tourn"]
[EventRounds "9"]
[EventCountry "CAN"]
[EventCategory "10"]
[SourceTitle "The Week in Chess 1551"]
[Source "Mark Crowther"]
[SourceDate "2024.07.29"]
[SourceVersion "1"]
[SourceVersionDate "2024.07.29"]
[SourceQuality "2"]

1. d4 Nf6 2. Nf3 d5 3. c4 e6 4. Nc3 Nbd7 5. e3 a6 6. cxd5 exd5 7. Bd3 Bd6 8. O-O O-O 9. Re1 Re8 10. Qb3 Nb6 11. e4 dxe4 12. Nxe4 Be6 13. Qc2 h6 14. Bd2 Nxe4 15. Bxe4 c6 16. Ne5 Bd5 17. Bh7+ Kh8 18. Bf5 Qf6 19. Ba5 Nc4 20. Nxc4 Bxc4 21. Qxc4 Qxf5 22. Bc3 Kg8 23. Qb3 Qb5 24. Rxe8+ Rxe8 25. Qxb5 axb5 26. Kf1 b4 27. Bd2 Re4 28. Be3 Bxh2 29. d5 cxd5 30. Rd1 Be5 31. Rxd5 Bxb2 32. Rb5 h5 33. Ke2 h4 34. Kd3 Rg4 35. Rg5 b3 36. axb3 Rb4 37. Bd2 Rxb3+ 38. Kc2 Rb6 39. Be3 Rb4 40. Bd2 Bf6 41. Rxg7+ Kxg7 42. Bxb4 Kg6 43. Kd3 Kf5 44. Ke3 b5 45. Kd3 Be5 46. Be1 Bg7 47. Bb4 Ke6 48. Ke4 f5+ 49. Kd3 Bf6 50. f3 Be7 51. Bd2 Kd5 52. Be3 b4 53. Bf2 Bf6 54. Be3 b3 55. Bf4 b2 56. Kc2 Kc4 57. Bd6 b1=Q+ 58. Kxb1 Kd3 59. Kc1 Ke2 60. g4 Bg5+ 61. f4 Bxf4+ 62. Bxf4 fxg4 63. Kc2 g3 0-1

[Event "Maplewood inv."]
[Site "Waterloo, QC CAN"]
[Date "2024.07.20"]
[Round "2.3"]
[White "Saric, Ivan"]
[Black "Noritsyn, Nikolay"]
[Result "1/2-1/2"]
[WhiteElo "2690"]
[BlackElo "2450"]
[PlyCount "73"]
[GameId "2160767905866963"]
[EventDate "2024.07.20"]
[EventType "tourn"]
[EventRounds "9"]
[EventCountry "CAN"]
[EventCategory "10"]
[SourceTitle "The Week in Chess 1551"]
[Source "Mark Crowther"]
[SourceDate "2024.07.29"]
[SourceVersion "1"]
[SourceVersionDate "2024.07.29"]
[SourceQuality "2"]

1. e4 c5 2. Nf3 e6 3. d4 cxd4 4. Nxd4 a6 5. c4 Nf6 6. Nc3 Bb4 7. Qd3 O-O 8. Be2 d6 9. Nc2 Bxc3+ 10. bxc3 Nbd7 11. Qxd6 Nxe4 12. Qd4 Nec5 13. O-O b6 14. Rd1 Bb7 15. Ne3 f5 16. f3 Rc8 17. Rb1 Qe8 18. Ba3 Rf6 19. Qd2 Bc6 20. Qe1 Rh6 21. Rd6 Nb7 22. Rd4 Qh5 23. h3 Nbc5 24. Qd2 Qg5 25. Nc2 Qe7 26. Nb4 e5 27. Nxc6 Rhxc6 28. Rd3 Qe6 29. Rd5 h6 30. Rd1 Nf6 31. Rd6 Rxd6 32. Qxd6 Kf7 33. Qd2 Rc7 34. Qd8 Rc8 35. Qd2 Rc7 36. Qd8 Rc8 37. Qd2 1/2-1/2

[Event "Maplewood inv."]
[Site "Waterloo, QC CAN"]
[Date "2024.07.21"]
[Round "3.3"]
[White "Noritsyn, Nikolay"]
[Black "Kantans, Toms"]
[Result "1-0"]
[WhiteElo "2450"]
[BlackElo "2471"]
[PlyCount "43"]
[GameId "2160767905866969"]
[EventDate "2024.07.20"]
[EventType "tourn"]
[EventRounds "9"]
[EventCountry "CAN"]
[EventCategory "10"]
[SourceTitle "The Week in Chess 1551"]
[Source "Mark Crowther"]
[SourceDate "2024.07.29"]
[SourceVersion "1"]
[SourceVersionDate "2024.07.29"]
[SourceQuality "2"]

1. e4 c5 2. Nc3 Nc6 3. Nge2 e6 4. d4 cxd4 5. Nxd4 Qc7 6. Be3 a6 7. Bd3 Nf6 8. Qe2 Bd6 9. O-O-O Be5 10. Nxc6 bxc6 11. g4 Rb8 12. Bd2 d5 13. g5 Nd7 14. Rhf1 Qa5 15. a3 Nc5 16. exd5 Rxb2 17. Kxb2 Na4+ 18. Ka2 Bxc3 19. dxc6 O-O 20. Bc4 Bxd2 21. Qxd2 Nc3+ 22. Kb3 1-0

[Event "Maplewood inv."]
[Site "Waterloo, QC CAN"]
[Date "2024.07.22"]
[Round "4.4"]
[White "Tari, Aryan"]
[Black "Noritsyn, Nikolay"]
[Result "1-0"]
[WhiteElo "2637"]
[BlackElo "2450"]
[PlyCount "53"]
[GameId "2160767905866974"]
[EventDate "2024.07.20"]
[EventType "tourn"]
[EventRounds "9"]
[EventCountry "CAN"]
[EventCategory "10"]
[SourceTitle "The Week in Chess 1551"]
[Source "Mark Crowther"]
[SourceDate "2024.07.29"]
[SourceVersion "1"]
[SourceVersionDate "2024.07.29"]
[SourceQuality "2"]

1. e4 c5 2. Nf3 e6 3. Nc3 a6 4. Be2 b5 5. O-O Bb7 6. d4 cxd4 7. Qxd4 Nc6 8. Qe3 Bb4 9. a4 bxa4 10. Nxa4 Nf6 11. e5 Nd5 12. Qd3 Qc7 13. c3 Be7 14. c4 Ndb4 15. Qc3 f6 16. Bf4 fxe5 17. Nxe5 O-O 18. Nxc6 Qxc6 19. Bf3 Qxf3 20. gxf3 Rxf4 21. Rfd1 Bc6 22. Nb6 Raf8 23. Rxd7 Bxd7 24. Nxd7 R8f7 25. Rd1 Nc6 26. Qe3 Rxf3 27. Qb6 1-0